1661 1776 1054 1629 1332 1967 1969 1045 1891 1001 1205 1127 1165 1903 1215 1516 1236 1937 1620 1969 1425 1688 1726 1014 1830 1963 1741 1920 1395 1779 1702 1486 1586 1228 1990 1158 1131 1809 1580 1472 1839 1445 1525 1485 1187 1530 1558 1828 1440 1349 1252 1845 1354 1240 1475 1342 1147 1893 1152 1593 1641 1229 1138 1342 1113 1008 1199 1749 1505 1486 1701 1294 1616 1521 1566 1107 1236 1405 1394 1954 1438 1873 1814 1190 1610 1299 1506 1160 1782 1890 1795 1554 1335 1405 1706 1235 1319 1782 1729 BCNSPRNW ULIB Ver.6.0+V

เปลี่ยนเป็นภาษาไทย

Change to English
 แสดงรายละเอียดบรรณานุกรม
  กลับหน้าหลัก

Brief Record : Get Marc (ISO 2709) : E-mail record : QR code < ปิดหน้าต่าง
LEADER : 00000nam 2200000uu 4500
001    13399107997
003     ULIB
008    110214s2542||||th 000 0 tha d
020    9748317005
060  4 WT100^bบ194ผ 2542
100 0  บรรลุ ศิริพานิช
245 00 ผู้สูงอายุไทย/^cบรรลุ ศิริพานิช
250    พิมพ์ครั้งที่ 1
260    กรุงเทพฯ:^bหมอชาวบ้าน,^c2542
650  7 ผู้สูงอายุ^xสรีรวิทยา
650  7 ผู้สูงอายุ^xสุขภาพ
650  7 ผู้สูงอายุ^xคำนิยาม
650  7 ผู้สูงอายุ^xความก้าวหน้าทางวิทยาศาสตร์
945    ^p220^l0^i012765
945    ^p220^l0^i012764
945    ^p220^l0^i012762
945    ^p220^l0^i012763
995    ทศพร
999 ^a ใช้งานได้ทุกระบบ
รายการนี้ยังไม่มีแท็ก
คุณยังไม่ได้ล็อกอิน คุณสามารถมีกิจกรรมร่วมกับเว็บไซต์ได้ แต่ต้องล็อกอินก่อน ::
  ล็อกอิน

รายการสื่อสารสนเทศ

ลำดับที่ ประเภท เลขเรียก/บาร์โค้ด สถานที่ สถานะ
- ไม่พบข้อมูล -

รายการใกล้เคียง
    ผู้แต่ง [บรรลุ ศิริพานิช]

BibComment


ยังไม่เคยถูกคอมเมนท์

คอมเมนท์ทรัพยากรรายการนี้
  คอมเมนท์: ผู้สูงอายุไทย บรร..


 Copyright 2026. Bcnsprnw @Library